000 00452nam a2200157Ia 4500
008 230917s9999||||xx |||||||||||||| ||und||
020 _cPOU14.95
040 _e16793
_aMAIN
041 _aEnglish
082 _a519.2 R129P
100 _aRahman, N A
245 0 _aPractical exercises in probability and statistics: For sixth froms:Fechnical colleges of education University
260 _aLondon
_bGriffin
_c1972
300 _axiii,331 p.
942 _cBK
999 _c68439
_d68439